000 01014nmm a2200337 a 4500
003 AR-BaBNM
005 20251128205906.0
008 048019s1997 ||||||||||||||000 | spa||
020 _a968-880-883-0
040 _cAR-BaBNM
100 1 _aCarter, Carol
245 1 0 _aOrientación vocacional
_bcomo alcanzar tus metas
250 _a1ª ed.
260 _aMéxico, D.F.
_bPrentice-Hall Hispanoamericana
_c1997
300 1 _axi, 277 p.
_bil.
504 _aBibliografía p. 265-267
650 4 _aTECNICAS DE ENSENANZA
650 4 _aRECURSOS EDUCACIONALES
650 4 _aAPRENDIZAJE VISUAL
650 4 _aAPRENDIZAJE VERBAL
650 4 _aACTIVIDADES DE APRENDIZAJE
650 4 _aCOMUNICACION VERBAL
650 4 _aINTERACCION
653 0 _aORIENTACION VOCACIONAL
653 0 _aESTRATEGIAS EDUCATIVAS
700 1 _aLyman Kravits, Sarah
700 1 _aDe Parres Cárdenas, Verania
_etraductor
700 1 _aValdés Salmerón, María del Carmen Verónica
_erevisión
942 _cBK
998 _cCarmen
999 _c13182
_d13182